guess the classic monster movie - Statistics

General Stats
  • This quiz has been taken 21 times
    9 since last reset
  • The average score is 5 of 32
Answer Stats
Picture Hint Answer % Correct
1931 dracula
100%
1931 frankenstein
100%
1933 king kong
88%
1932 the mummy (32)
63%
1935 bride of frankenstein
50%
1954 creature from the black lagoon
25%
1960 brides of dracula
13%
1957 curse of frankenstein
13%
1943 phantom of the opera
13%
1944 curse of the cat people
0%
1936 dracula's daughter
0%
1931 dr.jekyll and mr.hyde (31)
0%
1941 dr.jekyll and mr.hyde (41)
0%
1964 evil of frankenstein
0%
1943 frankenstein meets the wolfman
0%
1942 ghost of frankenstein
0%
1958 horror of dracula
0%
1945 house of dracula
0%
1944 house of frankenstein
0%
1974 legend of the 7 golden vampires
0%
1935 mark of the vampire
0%
1932 murders in the rue morgue
0%
1942 night monster
0%
1958 revenge of frankenstein
0%
1939 son of frankenstein
0%
1970 Taste the Blood of Dracula
0%
1936 The Invisible Ray
0%
1959 the mummy (59)
0%
1944 the mummy's ghost
0%
1942 the mummy's tomb
0%
1935 the raven
0%
1941 the wolfman
0%
No matching quizzes found
Score Distribution
Percent of People with Each Score
Percentile by Number Answered
Your Score History
You have not taken this quiz since the last reset